| 000 | 01131nam a2200265Ia 4500 | ||
|---|---|---|---|
| 003 | OSt | ||
| 005 | 20220923211310.0 | ||
| 006 | a|||||r|||| 00| 0 | ||
| 007 | ta | ||
| 008 | 220922b |||||||| |||| 00| 0 hin d | ||
| 020 |
_a9788179755835 (hbk) _c600 |
||
| 024 | _a281,211 | ||
| 037 |
_bIN1063, 05/03/2014, Anamika Publishers & Distributor Pvt. Ltd. _cTextual |
||
| 040 |
_aARTS _cARTS _bhin |
||
| 041 |
_2hin _ahin |
||
| 082 | _aD65,8(B):71, Q4 | ||
| 100 | _aचतुर्वेदी, जगदीश्वर | ||
| 245 | 0 | _aडिजिटल कैपीटलिज्म फेसबुक संस्कृति और मानवाधिकार | |
| 246 | _aḌijiṭal kaipīṭalijma fesabuk sanskṛuti aur mānavādhikāra | ||
| 260 |
_aनई दिल्ली _b अनामिका पब्लिशर्स _c2014 |
||
| 300 |
_a261पृ. _ccm. |
||
| 650 | _aकम्प्यूटर | ||
| 942 |
_hD65,8(B):71, Q4 _cTEXL _2CC |
||
| 999 |
_c298238 _d298238 |
||